Open Data Biblioteca Nacional de Portugal


República Portuguesa: Ministério da Cultura
Biblioteca Nacional de Portugal

Catálogo da BNP: acesso por Identificadores Unívocos
Registos Bibliográficos associados ao registo de autoridade

Etiqueta de registo: 00000nam 2200025 450
001 1969597
003 http://id.bnportugal.gov.pt/bib/catbnp/1969597
010 ## $a978-989-99800-4-4
021 ## $aPT$b426801/17
100 ## $a20170816d2017 a y0pory01030103ba
101 0# $apor
102 ## $aPT
105 ## $aa t 000zy
106 ## $ar
200 1# $aNo caderno da tangerina$fRita Alfaiate
205 ## $a1ª ed
210 #9 $a[S.l.]$cEscorpião azul,$d2017
215 ## $a87, [10] p.$ctodo il.$d24 cm
675 ## $a087.5$vBN$zpor$3287999
675 ## $a741(=1:469)"20"$vBN$zpor$31483725
675 ## $a821.134.3-9"20"$vBN$zpor$31095958
700 #1 $aAlfaiate,$bRita,$f1992-$31689075
801 #0 $aPT$bBN$gRPC
856 41 $uhttp://rnod.bnportugal.gov.pt/ImagesBN/winlibimg.aspx?skey=&doc=1969597&img=97331&save=true
900 ## $aBIBNAC$d20170831
966 ## $lBN$mFGMON$sP. 48003 V.$x1
966 ## $lBN$mFGMON$sP. 48003 V.-D$x1

Etiqueta de registo: 00000nam 2200025 450
001 2027477
003 http://id.bnportugal.gov.pt/bib/catbnp/2027477
010 ## $a978-989-54252-7-3
021 ## $aPT$b455173/19
100 ## $a20190812d2019 a y0pory01030103ba
101 0# $apor
102 ## $aPT
105 ## $aa t 000zy
106 ## $ar
200 1# $aTangerina$fRita Alfaiate
205 ## $a1ª ed
210 #9 $a[S.l.]$cEscorpião Azul,$d2019
215 ## $a75, [5] p.$cil.$d24 cm
675 ## $a087.5$vBN$zpor$3287999
675 ## $a741(=1:469)"20"$vBN$zpor$31483725
700 #1 $aAlfaiate,$bRita,$f1992-$31689075
801 #0 $aPT$bBN$gRPC
856 41 $uhttp://rnod.bnportugal.gov.pt/ImagesBN/winlibimg.aspx?skey=&doc=2027477&img=128701&save=true
900 ## $aBIBNAC$d20190821
966 ## $lBN$mFGMON$sP. 53926 V.$x1
966 ## $lBN$mFGMON$sP. 53926 V.-D$x1

Etiqueta de registo: 00000nam 2200025 450
001 2044254
003 http://id.bnportugal.gov.pt/bib/catbnp/2044254
010 ## $a978-989-54252-3-5
021 ## $aPT$b451305/19
100 ## $a20200511d2019 em y0pory01030103ba
101 0# $apor
102 ## $aPT
105 ## $aa z 000cy
106 ## $ar
200 1# $aBanda desenhada$eensaio sobre a incoerência estilística$fRita Alfaiate
205 ## $a1ª ed
210 #9 $a[S.l.]$cEscorpião Azul,$d2019
215 ## $a62, [2] p.$cil.$d24 cm
675 ## $a741(042)$vBN$zpor$31353582
675 ## $a741Alfaiate, Rita(042)$vBN$zpor$31781291
700 #1 $aAlfaiate,$bRita,$f1992-$31689075
801 #0 $aPT$bBN$gRPC
856 41 $uhttp://rnod.bnportugal.gov.pt/ImagesBN/winlibimg.aspx?skey=&doc=2044254&img=137869&save=true
900 ## $aBIBNAC$d20200526
966 ## $lBN$mFGMON$sB.A. 45169 V.$x1
966 ## $lBN$mFGMON$sB.A. 45169 V.-D$x1

Etiqueta de registo: 00000nam 2200025 450
001 2109859
003 http://id.bnportugal.gov.pt/bib/catbnp/2109859
010 ## $a978-989-53488-4-8
021 ## $aPT$b499648/22
100 ## $a20220913d2022 a y0pory01030103ba
101 0# $apor
102 ## $aPT
105 ## $aa t 000zy
106 ## $ar
200 1# $a O caderno da Tangerina$eobra integral$fRita Alfaiate
205 ## $a1ª ed
210 #9 $a[S.l.]$cEscorpião Azul,$d2022
215 ## $a166, [26] p.$ctodo il.$d24 cm
675 ## $a087.5$vBN$zpor$3287999
675 ## $a741(=1:469)"20"$vBN$zpor$31483725
675 ## $a821.134.3-9"20"$vBN$zpor$31095958
700 #1 $aAlfaiate,$bRita,$f1992-$31689075
801 #0 $aPT$bBN$gRPC
856 41 $uhttp://rnod.bnportugal.gov.pt/ImagesBN/winlibimg.aspx?skey=&doc=2109859&img=169444&save=true
900 ## $aBIBNAC$d20221018
966 ## $lBN$mFGMON$sP. 60947 V.$x1
966 ## $lBN$mFGMON$sP. 60947 V.-D$x1
971 ## $cdpenetra$d20220913
972 ## $e0$z0$d20221018$vmsebas
973 ## $cmlsousa$d20220923

Etiqueta de registo: 00000nam 2200025 450
001 2152830
003 http://id.bnportugal.gov.pt/bib/catbnp/2152830
010 ## $a978-989-35187-2-4
021 ## $aPT$b521696/23
100 ## $a20240109d2023 a y0pory01030103ba
101 0# $apor
102 ## $aPT
105 ## $aa t 000zy
106 ## $ar
200 1# $aNeon$fRita Alfaiate
205 ## $a1ª ed
210 #9 $a[S.l.]$cEscorpião Azul,$d2023
215 ## $a100, [18] p.$ctodo il.$d24 cm
675 ## $a087.5$vBN$zpor$3287999
675 ## $a741(=1:469)"20"$vBN$zpor$31483725
700 #1 $aAlfaiate,$bRita,$f1992-$31689075
801 #0 $aPT$bBN$gRPC
856 41 $uhttp://rnod.bnportugal.gov.pt/ImagesBN/winlibimg.aspx?skey=&doc=2152830&img=187469&save=true
900 ## $aBIBNAC$d20240112
966 ## $lBN$mFGMON$sP. 65091 V.$x1
966 ## $lBN$mFGMON$sP. 65091 V.-D$x1
971 ## $corlando$d20240109
972 ## $e0$z0$d20240112$vasantos
973 ## $canasil$d20240110

OpendataBNP@bnportugal.pt | Mais informação sobre acesso aos dados BNP